<?xml version="1.0" encoding="UTF-8"?>
<record
    xmlns:xsi="http://www.w3.org/2001/XMLSchema-instance"
    xsi:schemaLocation="http://www.loc.gov/MARC21/slim http://www.loc.gov/standards/marcxml/schema/MARC21slim.xsd"
    xmlns="http://www.loc.gov/MARC21/slim">

  <leader>01102nam a2200241Ia 4500</leader>
  <controlfield tag="001">Z_996</controlfield>
  <controlfield tag="008">220601s9999    xx            000 0 und d</controlfield>
  <datafield tag="020" ind1=" " ind2=" ">
    <subfield code="a">968-25-0782-0</subfield>
  </datafield>
  <datafield tag="082" ind1=" " ind2=" ">
    <subfield code="a">636.214 B38y 1993</subfield>
  </datafield>
  <datafield tag="100" ind1=" " ind2=" ">
    <subfield code="a">Bath, Donald L.</subfield>
    <subfield code="9">10806</subfield>
  </datafield>
  <datafield tag="245" ind1=" " ind2=" ">
    <subfield code="a">Ganado lechero: principios, pr&#xE1;cticas, problemas y beneficios / Donald L. Bath; [et. &#xE1;l]</subfield>
  </datafield>
  <datafield tag="250" ind1=" " ind2=" ">
    <subfield code="a">3a ed.</subfield>
  </datafield>
  <datafield tag="260" ind1=" " ind2=" ">
    <subfield code="a">M&#xE9;xico: Interamericana</subfield>
  </datafield>
  <datafield tag="300" ind1=" " ind2=" ">
    <subfield code="a">2 v.</subfield>
  </datafield>
  <datafield tag="500" ind1=" " ind2=" ">
    <subfield code="a">Primera edici&#xF3;n en espa&#xF1;ol 1993.Traducci&#xF3;n y adaptaci&#xF3;n de la segunda edici&#xF3;n en ingl&#xE9;s de la obra: Dairy cattlle: principles, practices, problems, profits.Traducci&#xF3;n de: Cont&#xED;n Sanz, Agust&#xED;n; Revici&#xF3;n t&#xE9;cnica: Dr. Gonz&#xE1;lez Mu&#xF1;oz,Sergio.</subfield>
  </datafield>
  <datafield tag="650" ind1=" " ind2=" ">
    <subfield code="a">1. Ganado lechero</subfield>
    <subfield code="9">152229</subfield>
  </datafield>
  <datafield tag="700" ind1=" " ind2=" ">
    <subfield code="a">I. Dickinson, Frank N., coautor II. Tucker, H. Allen, coautor III. Appleman, Robert D., coautor IV. Cont&#xED;n Sanz, Agust&#xED;n, traductor V. Gonz&#xE1;lez Mu&#xF1;oz, Sergio, revici&#xF3;n t&#xE9;cnica.&#xCC;</subfield>
    <subfield code="9">177783</subfield>
  </datafield>
  <datafield tag="901" ind1=" " ind2=" ">
    <subfield code="a">636.214 B38Y 1993</subfield>
  </datafield>
  <datafield tag="902" ind1=" " ind2=" ">
    <subfield code="a">M</subfield>
  </datafield>
  <datafield tag="905" ind1=" " ind2=" ">
    <subfield code="a">0000001993                          mx admn00000000000  00</subfield>
  </datafield>
  <datafield tag="942" ind1=" " ind2=" ">
    <subfield code="c">1</subfield>
  </datafield>
  <datafield tag="999" ind1=" " ind2=" ">
    <subfield code="c">216843</subfield>
    <subfield code="d">216843</subfield>
  </datafield>
  <datafield tag="952" ind1=" " ind2=" ">
    <subfield code="0">0</subfield>
    <subfield code="1">0</subfield>
    <subfield code="2">ddc</subfield>
    <subfield code="4">0</subfield>
    <subfield code="7">0</subfield>
    <subfield code="8">GRAL</subfield>
    <subfield code="a">Z</subfield>
    <subfield code="b">Z</subfield>
    <subfield code="c">1</subfield>
    <subfield code="d">2011-07-07</subfield>
    <subfield code="h">Volumen: 2 </subfield>
    <subfield code="l">7</subfield>
    <subfield code="p">z_0243</subfield>
    <subfield code="r">2024-11-15 11:58:05</subfield>
    <subfield code="s">2024-11-15</subfield>
    <subfield code="t">1</subfield>
    <subfield code="w">2022-06-02</subfield>
    <subfield code="y">LIBRO</subfield>
  </datafield>
  <datafield tag="952" ind1=" " ind2=" ">
    <subfield code="0">0</subfield>
    <subfield code="1">0</subfield>
    <subfield code="2">ddc</subfield>
    <subfield code="4">0</subfield>
    <subfield code="7">0</subfield>
    <subfield code="8">GRAL</subfield>
    <subfield code="a">Z</subfield>
    <subfield code="b">Z</subfield>
    <subfield code="c">1</subfield>
    <subfield code="d">2005-11-09</subfield>
    <subfield code="h">Volumen: 1 </subfield>
    <subfield code="l">7</subfield>
    <subfield code="p">z_0241</subfield>
    <subfield code="r">2025-09-08 17:22:01</subfield>
    <subfield code="s">2025-09-08</subfield>
    <subfield code="t">1</subfield>
    <subfield code="w">2022-06-02</subfield>
    <subfield code="y">LIBRO</subfield>
  </datafield>
</record>
